|
|
|
|
| LEADER |
00000nab a2200000 a 4500 |
| 001 |
vtls010209681 |
| 003 |
SK-MaSNL |
| 005 |
20260305031447.0 |
| 008 |
110208 2010 xo 000 0 slo |
| 038 |
|
|
|a PPPK
|
| 040 |
|
|
|a PPPKCL
|b slo
|c PPPK
|e AACR2
|
| 041 |
0 |
|
|a slo
|
| 044 |
|
|
|a xo
|c SK
|
| 080 |
|
|
|a 373.3
|x (437.6)
|2 2001
|
| 080 |
|
|
|a 796.093
|2 2001
|
| 100 |
1 |
|
|a Hudáčeková, Mária
|4 aut
|9 592873
|
| 245 |
1 |
0 |
|a Športová olympiáda
|c Mgr. Mária Hudáčeková
|
| 300 |
|
|
|b Fotogr.
|
| 610 |
2 |
7 |
|a Základná škola (Lendak, Slovensko)
|2 pppkcl
|9 56816
|
| 611 |
2 |
7 |
|a Letná športová olympiáda žiakov základnej školy
|d (2010 :
|c Lendak, Slovensko)
|2 pppkcl
|9 1609509
|
| 648 |
|
7 |
|a 24.6.-30.6.2010
|2 pppkcl
|9 1609510
|
| 650 |
0 |
7 |
|a základné školy
|2 pppkcl
|9 1280
|
| 650 |
0 |
7 |
|a športové súťaže
|2 pppkcl
|9 1047
|
| 651 |
|
7 |
|a Lendak (Slovensko)
|2 pppkcl
|9 54521
|
| 651 |
|
7 |
|a Kežmarok (Slovensko : okres)
|2 pppkcl
|9 51824
|
| 773 |
0 |
|
|t Lendak : občasník o živote obyvateľov obce
|g Roč. XIV, č. 3 (2010), s. 22-23
|
| 852 |
|
|
|a PPPK
|b KIS3GCP
|
| 999 |
|
|
|c 3316180
|d 3318110
|